000
00302nam a2200109Ia 4500
008
181022s9999 xx 000 0 und d
020
_a
9781308812700
245
_a
General physics 1 /
260
_a
New York :
_b
McGraw Hill
_c
2016
300
_a
xvii, 570 pages.
650
_a
Physics -- study and teaching.
999
_c
359277
_d
359277